Filmy týždňa

Bibliographic Details
Main Author: Kincelová, Emília (Author)
Format: Article
Language:Slovak
Subjects:

MARC

LEADER 00000nab a2200000 a 4500
001 vtls000258775
003 SK-MaSNL
005 20260302220835.0
008 111130c1986 xo 0 slo
015 |a SNBRB19rr/mm-uuuuu 
035 |a CL0268889 
040 |a SNKBUCL  |b slo  |c SNKBUCL  |e AACR2 
041 0 |a slo 
044 |a xo  |c SK 
080 |a 791.43(73)  |2 1981 
080 |a 791.43(410)  |2 1981 
100 1 |a Kincelová, Emília  |4 aut  |9 845375 
245 1 0 |a Filmy týždňa  |c E. Kincelová ; Francis Ford Coppola, Mike Newell 
500 |a (Film Cotton Club režiroval F. F. Coppola, fililm Tanec s cudzincom režíroval M. Newell.) 
650 0 7 |a Cotton club (film americký)  |2 snkbucl  |9 941384 
650 0 7 |a Tanec s cudzincom (film anglický)  |2 snkbucl  |9 944923 
655 7 |a články z novín a časopisov  |2 snkbucl  |9 267496 
773 0 |t Práca  |g Roč. 41, č. 233 (3. 10. 1986), s. 6 
850 |a Slovenská národná knižnica v Martine  |a MTA001 
852 |a SNK  |b KIS3GCP 
958 |a RK 
992 |a RBX 
999 |c 1508913  |d 1510843